Bonjour, monsieur
Uložené v:
| Hlavní autori: | , , , , , |
|---|---|
| Ďalší autori: | , , , , , |
| Médium: | Zvuková nahrávka |
| Jazyk: | Slovak |
| Vydané: |
[Bratislava] :
Opus,
p1989.
|
| Fyzický popis: |
1 gramofónová platňa (LP) : dicital, 33 1/3 ot/min, stereo ; 30 cm. |
| Tagy: |
Pridať tag
Žiadne tagy, Buďte prvý kto otaguje tento záznam!
|
Titul je dostupný aj v ... 

MARC
| LEADER | 00000njm a2200000 a 4500 | ||
|---|---|---|---|
| 001 | 000418913 | ||
| 003 | SVKKK | ||
| 005 | 20150220101056.0 | ||
| 008 | 130515s1989 xo slo d | ||
| 028 | 0 | 1 | |a 9311 2063 |b Opus |
| 040 | |a SVKKK |b slo |c SVKKK |e AACR2 | ||
| 041 | 0 | |d slo |g ger |g eng | |
| 044 | |a xo |c SK | ||
| 245 | 1 | 0 | |a Bonjour, monsieur |h [zvukový záznam]. |
| 260 | |a [Bratislava] : |b Opus, |c p1989. | ||
| 300 | |a 1 gramofónová platňa (LP) : |b dicital, 33 1/3 ot/min, stereo ; |c 30 cm. | ||
| 500 | |a Editor Viera Chalupková | ||
| 500 | |a Preklad Selma Steinerová, Katarína Brziaková | ||
| 500 | |a Foto Zuzana Mináčová | ||
| 505 | 0 | 0 | |a Strana A: |t História tanga. Nevestinec 1900 ; Kaviareň 1930 ; Nočný klub ; Koncert dneška / |r Astor Piazzolla (19:44) -- |t Chôro E Batuque / |r Laurindo Almeida (4:40)-- |t Bonjour, monsieur Picasso / |r Dušan Martinček (3:01) |
| 505 | 0 | 0 | |a Strana B: |t Sonatína. Op. 205. Allegretto grazioso ; Op. 205, Tempo di Siciliana ; Scherzo Rondo / |r Mario Castelnuovo Tedesco (12:21)-- |t Pavana za mŕtvu infantku / |r Maurice Ravel (6:22) -- |t Ranná serenáda / |r Joaquín Rodrigo (3:41) |
| 511 | 0 | |a Dagmar Zsapková-Šebestová, flauta ; Jozef Zsapka, gitara | |
| 511 | 0 | |a Astor Piazzolla, Dušan Martinček, Joaquín Rodrigo, Laurindo Almeida, Mario Castelnuovo Tedesco, Maurice Ravel | |
| 518 | |a Nahraté v OPUS Studio I 2-6. novembra 1987 | ||
| 546 | |a Súbežný text na obale slov., nem., angl. | ||
| 700 | 1 | |a Zsapková-Šebestová, Dagmar, |d 1956- |4 prf | |
| 700 | 1 | |a Zsapka, Jozef, |d 1947- |4 prf | |
| 700 | 1 | |a Piazzolla, Astor, |d 1921-1992 |4 cmp | |
| 700 | 1 | |a Martinček, Dušan |d 1936-2006 |4 cmp | |
| 700 | 1 | |a Rodrigo, Joaquín, |d 1901-1999 |4 cmp | |
| 700 | 1 | |a Almeida, Laurindo, |d 1917-1995 |4 cmp | |
| 700 | 1 | |a Castelnuovo Tedesco, Mario, |d 1895-1968 |4 cmp | |
| 700 | 1 | |a Ravel, Maurice, |d 1875-1937 |4 cmp | |
| 700 | 1 | |a Chalupová, Viera |4 edt | |
| 700 | 1 | |a Steinerová, Selma |4 trl | |
| 700 | 1 | |a Brziaková, Katarína |4 trl | |
| 700 | 1 | |a Mináčová, Zuzana |4 pht | |
| 910 | |a svkkk | ||
| 998 | |a AM | ||
| 090 | |g SCKHL |k Sklad Pribinova 1. posch. |a IIIG.5104 |j 7072 |i 2720370055 |s Prezenčne CD, DVD | ||
| 924 | |a LP | ||
| 924 | |a AVM | ||